Statystyki dla Kraje z największą ilością graczy w Premier League

Kliknij tutaj aby rozwiązać quiz!

Ogólne statystyki

  • Ten quiz został rozwiązany 84 razy
  • Średni wynik to 22 z 30

Statystyki odpowiedzi

Ilośc
Graczy
Państwa% Poprawnych
247Anglia
97%
6Polska
97%
24Hiszpania
96%
27Francja
95%
34Brazylia
93%
9Niemcy
93%
7USA
93%
14Argentyna
92%
21Portugalia
92%
9Włochy
92%
21Irlandia
86%
17Szkocja
86%
14Belgia
85%
7Szwecja
85%
18Holandia
82%
5Norwegia
79%
20Walia
78%
5Ukraina
77%
11Dania
64%
5Irlandia Północna
64%
6Szwajcaria
64%
7Kolumbia
62%
6Senegal
62%
4Korea Południowa
58%
6Nigeria
52%
6Ghana
48%
4Kamerun
47%
9WKS
44%
5Mali
22%
5Jamajka
19%

Rozkład punktacji

Percentyl według liczby udzielonych odpowiedzi

Procent ludzi z każdym wynikiem

Twoja historia wyników

Nie rozwiązałeś tego quizu